Normal view
MARC view
Entry Topical Term
001 - CONTROL NUMBER
- control field: 673880
003 - CONTROL NUMBER IDENTIFIER
- control field: OSt
005 - DATE AND TIME OF LATEST TRANSACTION
- control field: 20221006160507.0
008 - FIXED-LENGTH DATA ELEMENTS
- fixed length control field: 221006|| aca||aabn | a|a d
040 ## - CATALOGING SOURCE
- Original cataloging agency: OSt
- Transcribing agency: OSt
150 ## - HEADING--TOPICAL TERM
- Topical term or geographic name entry element: Foriegn Media
670 ## - SOURCE DATA FOUND
- Source citation: Work cat.: (OSt)1113407: Hess Steve 673879, Foreign media coverage and Protest Outcomes in China, 2015
